Komu prospeje hlboká orba do reštitúcií?

Podrobná bibliografia
Hlavní autori: Varjú, Ján (Autor), Lenická, Anna (Autor)
Médium: Článok
Jazyk:slovenčina
Predmet:

MARC

LEADER 00000nab a2200000 a 4500
001 vtls000447771
003 SK-MaSNL
005 20260302235433.0
008 120926c1992 xo 0 slo
015 |a SNBRB19rr/mm-uuuuu 
035 |a CL0447902 
040 |a SNKBUCL  |b slo  |c SNKBUCL  |e AACR2 
041 0 |a slo 
044 |a xo  |c SK 
080 |a 349.4(437)  |2 1981 
100 1 |a Varjú, Ján  |4 aut  |9 889543 
245 1 0 |a Komu prospeje hlboká orba do reštitúcií?  |c Ján Varjú, Anna Lenická 
650 0 7 |a Zákon o pôde  |2 snkbucl  |9 880780 
655 7 |a články z novín a časopisov  |2 snkbucl  |9 267496 
700 1 |a Lenická, Anna  |4 aut  |9 565619 
773 0 |t Nové slovo  |g Roč. 2, č. 12 (1992) 
850 |a Slovenská národná knižnica v Martine  |a MTA001 
852 |a SNK  |b KIS3GCP 
958 |a RK 
992 |a RBX 
999 |c 1554739  |d 1556669